| 000 | 00751cam a2200253 4500 | ||
|---|---|---|---|
| 999 |
_c112 _d112 |
||
| 001 | 362543 | ||
| 003 | OSt | ||
| 005 | 20180807184251.0 | ||
| 008 | 720106s1971 nju 000 0 eng | ||
| 010 | _a 77166498 | ||
| 020 | _a0912106174 | ||
| 040 |
_aDLC _cDLC _dDLC |
||
| 050 | 0 | 0 |
_aBT96.2 _b.M84 |
| 082 | 0 | 0 |
_a248.4 _bM962T |
| 100 | 1 | _aMumford, Bob. | |
| 245 | 1 | 0 |
_aTake another look at guidance; _ba study of divine guidance. _cEdited by Jorunn Oftedal Ricketts. |
| 260 |
_aPlainfield, N.J., _bLogos International _c[1971] |
||
| 300 |
_axi, 156 p. _c21 cm. |
||
| 350 | _a$4.95 | ||
| 650 | 0 |
_aProvidence and government of God _xChristianity. |
|
| 650 | 0 | _aChristian life. | |
| 906 |
_a7 _bcbc _corignew _d2 _encip _f19 _gy-gencatlg |
||
| 942 |
_2ddc _cBK |
||